Disney: Vrai ou Faux ? - Statistiques

Statistiques générales
  • Ce quiz a été pris 224 fois
  • Le résultat moyen est 22 sur 40
Statistiques - réponses
Hint Explanation Réponse % Correct
Pocahontas a réellement existé. Vrai
82%
A l'origine, Elsa devait être la méchante de "La Reine des Neiges". Vrai
77%
Timon et Pumbaa chantent "Le Monde est petit". C'est Zazu Faux
75%
Il existe un film en live action de Dumbo. Vrai
75%
La Robe d'Aurore est rose. Juste avant que livre ne se referme à la fin du film, on peut apercevoir que la robe est de couleur rose. Vrai
71%
Le film "Les Nouveaux Héros" a été élu meilleur film d'animation en 2015 Vrai
69%
Encanto s'inspire de la culture colombienne. Vrai
69%
Baloo et Petit Jean partagent la même voix. C'est vrai autant en VO qu'en VF. Vrai
68%
L'Empereur remet une épée et un médaillon à Mulan Vrai
68%
Dans les 101 Dalmatiens, il y a 101 chiots. Il y en 99 chiots + Pongo et Perdita. Faux
67%
On pouvait entre-apercevoir une femme nue dans le film Bernard et Bianca Vrai
67%
Bowser fait un cameo dans le film "Les Mondes de Ralph". Vrai
67%
Walt Disney n'a jamais vu Le Livre de la Jungle. Il est malheureusement décédé pendant la production du film. Vrai
65%
La voix qu"entend Elsa dans "Un autre monde" est en réalité sa mère. C'est expliqué dans le Making-Of. Vrai
65%
Alan Menken est le compositeur du film Raiponce. Vrai
64%
Wish est le film qui célèbre les 100 ans de Disney. Vrai
64%
Bambi est inspiré d'un roman. Il s'agit de Bambi, l'histoire d'une vie dans les bois par Felix Salten paru en 1923. Vrai
63%
Judy et Nick sont en couple à la fin de Zootopie. Ils sont amis. Faux
62%
Abu a été transformé en singe mécanique dans Aladdin. Vrai
62%
Le Capitaine Crochet a perdu sa main gauche. On espère que Michel ne se trompera plus. Vrai
59%
Basil et Sherlock Holmes habitent à la même adresse. Vrai
59%
Stitch a 625 cousins. Vrai
59%
Anthony Kavanagh prête sa voix au personnage de Mushu dans Mulan. il interprète Mushu pour la version québécoise. Vrai
57%
On apprend ce que disait le vénérable grand-père de César dans la Belle et le Clochard? Il a oublié. Faux
51%
Vaneloppe ne chante aucune chanson. Elle en chante une dans Ralph 2.0 Faux
49%
A l'origine, Mickey devait être le héros du jeu Kingdom Hearts. Pour le premier jeu, Square n'a obtenu les droits de Mickey que pour une seule cinématique. Vrai
47%
Berlioz est le chaton roux de la portée. Faux
46%
Le sortilège de la Belle et la Bête a duré 11 ans. Il a duré 10 ans. Faux
43%
Rouky est un Cocker C'est un Saint Hubert. Faux
41%
La Princesse et la Grenouille est le dernier classique Disney en deux dimensions. Il s'agit du film Winnie l'Ourson de 2011. Faux
38%
Phil Collins chante pour Tarzan et la Ferme se rebelle. Il chante pour Tarzan et Frère des Ours Faux
35%
Claude Frollo meurt d'un incendie. Il meurt d'une chute. Faux
34%
"La Petite Sirène" est sorti en 1990. Il est sorti en 1989 Faux
33%
Merlin l'Enchanteur est le 22e classique d'animation de Disney. Il s'agit du 22e long-métrage, mais du 18e classique de la franchise. Faux
32%
Dingo et Max est un classique d'animation Disney. Faux
31%
Les belles sœurs de Cendrillon sont Javotte et Anastasia. C'est Anastasie. Faux
31%
Vaïana n'a inspiré aucune attraction pour un parc à thème Disney. Il s"agit de Journey of Water inspired by Moana à Epcot. Faux
31%
L'attraction des tasses de thé de Disneyland Paris est inspiré du film de La Belle et la Bête. L'attraction s'appelle: Mad's Hatter's Tea Cup. Il s'agit donc d'une attraction basée sur le film Alice au Pays des Merveilles. Faux
29%
Les premiers mots de Mickey Mouse sont :" Oh oh". Il s'agit de "Hot Dog" dans le court-métrage "The Karnival Kid" de 1929. Faux
26%
Kuzco, l'Empereur Mégalo dure environ 90 minutes Il dure environ 75 minutes Faux
25%
Aucun quiz correspondant
Distribution des résultats
% des personnes avec chaque résultat
Percentile par nombre de réponses
Votre historique - résultats
Vous n’avez pas pris ce quiz